Aquatlon

Bibliographic Details
Main Author: (J.H.) (Author)
Format: Article
Language:Slovak
Subjects:

MARC

LEADER 00000nab a2200000 a 4500
001 vtls001029694
003 SK-MaSNL
005 20260303035606.0
008 040720e20010628xo 0 slo
035 |a SL8248 
040 |a SLLK  |b slo  |c SLLK  |e AACR2 
041 0 |a slo 
044 |a xo  |c SK 
080 |a 796.422  |2 1981 
080 |a 797.2  |2 1981 
100 0 |a (J.H.)  |4 aut  |9 977024 
245 1 0 |a Aquatlon 
590 |a Hutník, Mário ?- 
600 1 7 |a Hutník, Mário ?-  |2 SLLK  |9 1022535 
611 1 7 |a Aquatlon (Nitra, Slovensko)  |2 SLLK  |9 1022561 
650 0 7 |a roč. 1.  |2 SLLK  |9 878338 
650 0 7 |a účasť  |2 SLLK  |9 512611 
650 0 7 |a informácie  |2 SLLK  |9 1285 
651 7 |a Nitra (Slovensko)  |2 SLLK  |9 15714 
651 7 |a Stará Ľubovňa (Slovensko)  |2 SLLK  |9 19193 
651 7 |a SL,  |2 SLLK  |9 1022390 
655 7 |a periodikum  |2 snkbucl  |9 29553 
773 0 8 |t Ľubovnianske noviny  |g Roč. 27, č.25, 28.6.2001, s. 4 
852 |a ZVYKNI  |b KIS3GCP 
999 |c 1678092  |d 1680022